00772nam a22002057a 450000500170000001000150001702000270003203500130005903700130007208200120008510000180009724501290011526000350024427000630027930000340034250000200037694200260039699900170042295201270043920150827115156.0 aENG-113360 a9789383098897c2995.00 aEN-96892 bDBAD/PUB a759.954 aGoswamy, B.N. aNala and Damayanti : ba great series of paintings of an old Indian romance / cby B.N. Goswamy ; foreworded by Karan Singh  aNew Delhi bNiyogi Booksc2015 aD-78, Okhla Industrial Area, Phase-I, bNew Delhi e110020 a264p. :c29cm(Hb)bcol. ill.  aIncludes index  2ddccENmGOSh759.954 c94671d94671 001040718NFICaDBADbDBADd2015-07-06eDBAD/PUBg2995.00l0o759.954 GOSpEN-96892r2015-07-06 00:00:00t1v2995.00yEN